和文通話表 文字 - Statistics

General Stats
  • This quiz has been taken 293 times
  • The average score is 26 of 50
Answer Stats
仮名 単語 % Correct
朝日
73%
大阪
65%
いろは
63%
上野
62%
日本
62%
東京
60%
尾張
60%
切手
59%
おしまいの
59%
58%
煙草
56%
はがき
56%
新聞
55%
すずめ
55%
手紙
55%
名古屋
54%
ねずみ
54%
富士山
54%
りんご
54%
子供
53%
英語
52%
為替
52%
世界
52%
沼津
52%
野原
52%
景色
49%
ちどり
48%
つるかめ
48%
平和
48%
無線
48%
ゐど
48%
濁点
48%
るすい
47%
半濁点
47%
クラブ
46%
そろばん
46%
保険
46%
大和
46%
わらび
46%
マツチ
45%
三笠
45%
ラジオ
45%
飛行機
44%
もみじ
44%
ローマ
44%
明治
43%
弓矢
43%
れんげ
42%
吉野
41%
かぎのある
40%
No matching quizzes found
Score Distribution
Percent of People with Each Score
Percentile by Number Answered
Your Score History
You have not taken this quiz